00709nam a2200229 4500003000400000005001700004008004100021020001500062040001800077050001600095100003200111245003500143264004700178300001800225336002200243337002400265338002400289650007200313650006200385942001500447999001700462OSt20260530113905.0260507b1999 |||ao||| |||| 001 0 eng d a0891349537 aICIbspacICI aTK5105bR431 aRedman, Stephanie A.93265310aTaking the leap into new media 1bNorth Light Booksc1999aCincinnati, Ohio  a144 páginas atexto2rdacontent asin medio2rdamedia avolumen2rdacarrier aNuevos medios de comunicaciónxInnovaciones tecnológicas932654 aMedios de comunicaciónxDesarrollo tecnológico932655 2lcccBKn1 c11900d11900